000 00516nam a2200181Ia 4500
008 090123s9999 xx 000 0 und d
082 _b35119
100 _aकाळे नागनाथ
245 _aललाट रेषा
250 _a1
260 _bशिवम प्रकाशन
_c2003
300 _a126
600 _aकाळे नागनाथ
630 _aललाट रेषा
700 _aकाळे नागनाथ
730 _aललाट रेषा
942 _cBOOK
999 _c73184
_d73184